Statistics for Romanian County Coat of Arms Quiz

Click here to take the quiz!

General Stats

  • This quiz has been taken 9 times
  • The average score is 6 of 42

Answer Stats

Answer% Correct
Bucuresti
78%
Constanta
56%
Tulcea
44%
Timis
33%
Arges
22%
Braila
22%
Covasna
22%
Galati
22%
Maramures
22%
Prahova
22%
Teleorman
22%
Alba
11%
Bacau
11%
Botosani
11%
Brasov
11%
Caras-Severin
11%
Cluj
11%
Dambovita
11%
Dolj
11%
Gorj
11%
Harghita
11%
Ialomita
11%
Iasi
11%
Mehedinti
11%
Mures
11%
Neamt
11%
Satu Mare
11%
Suceava
11%
Vaslui
11%
Arad
0%
Bihor
0%
Bistrita-Nasaud
0%
Buzau
0%
Calarasi
0%
Giurgiu
0%
Hunedoara
0%
Ilfov
0%
Olt
0%
Salaj
0%
Sibiu
0%
Valcea
0%
Vrancea
0%

Score Distribution

Percentile by Number Answered

Percent of People with Each Score

Your Score History

You have not taken this quiz